|
|
|
|
| LEADER |
00000nam a2200000Ii 4500 |
| 001 |
DIGUCAUCA0022 |
| 003 |
NyNyDIG |
| 008 |
191129s2018 ck a ob 001 0 spa d |
| 006 |
m o d |
| 007 |
cr ||||||||||| |
| 035 |
|
|
|a (OCoLC)1132405864
|
| 040 |
|
|
|a DGITA
|b eng
|e rda
|e pn
|c DGITA
|
| 020 |
|
|
|a 9789587322613
|q (eBook)
|
| 020 |
|
|
|a 9587322614
|q (eBook)
|
| 020 |
|
|
|z 9789587322590
|
| 020 |
|
|
|z 9587322592
|
| 043 |
|
|
|a s-ck---
|
| 050 |
1 |
4 |
|a BF723.W3 ebook
|
| 082 |
0 |
4 |
|a 303.66083
|
| 100 |
1 |
|
|a Hurtado Herrera, Deibar René,
|e author.
|
| 245 |
1 |
0 |
|a Queremos seguir otro camino :
|b memorias del conflicto armado en niños y niñas en situación de desplazamiento en Popayán /
|c Deibar René Hurtado Herrera, María Andrea Simmonds Tabbert, Pedro Aníbal Yanza Mera.
|
| 264 |
|
1 |
|a Popayán, Colombia :
|b Editorial Universidad del Cauca,
|c [2018]
|
| 300 |
|
|
|a 1 online resource :
|b illustrations (chiefly color)
|
| 336 |
|
|
|a text
|b txt
|2 rdacontent
|
| 337 |
|
|
|a computer
|b c
|2 rdamedia
|
| 338 |
|
|
|a online resource
|b cr
|2 rdacarrier
|
| 347 |
|
|
|a text file
|2 rdaft
|
| 347 |
|
|
|b PDF
|
| 504 |
|
|
|a Includes bibliographical references and index.
|
| 588 |
0 |
|
|a Online resource; title from PDF title page (Digitalia, viewed December 2, 2019)
|
| 650 |
|
0 |
|a Children and war
|z Colombia
|z Popayán.
|
| 650 |
|
0 |
|a Children and violence
|z Colombia
|z Popayán.
|
| 650 |
|
0 |
|a Memory in children.
|
| 650 |
|
0 |
|a Refugee children
|z Colombia
|z Popayán.
|
| 655 |
|
7 |
|a Biographies.
|2 lcgft
|
| 655 |
|
0 |
|a Electronic books.
|
| 700 |
1 |
|
|a Simmonds Tabbert, María Andrea,
|e author.
|
| 700 |
1 |
|
|a Yanza Mera, Pedro Aníbal,
|e author.
|
| 791 |
2 |
|
|a Digitalia (Firm),
|e distributor.
|
| 793 |
0 |
|
|g Digitalia eBook Collection:
|a Editorial Universidad del Cauca
|
| 776 |
0 |
8 |
|i Print version:
|a Hurtado Herrera, Deibar René.
|t Queremos seguir otro camino.
|b Primera edición en español.
|d Popayán, Colombia : Editorial UC, Editorial Universidad del Cauca, 2018
|z 9789587322590
|w (DLC) 2018406556
|w (OCoLC)1079211980
|
| 856 |
4 |
0 |
|3 Digitalia Hispánica
|u https://www.digitaliapublishing.com/a/60606/
|
| 910 |
|
|
|a Premium collection: 2020
|